Statistics for The top 50 most subscribed YouTube channels

Click here to take the quiz!

General Stats

  • This quiz has been taken 12 times
  • The average score is 14 of 50

Answer Stats

SubscribersJoined YouTubeVideosCountryCategoryAnswer% Correct
215MFeb 20, 2012769United StatesEntertainmentMrBeast
100%
111MApr 29, 20104.74KSweden/JapanGamingPewDiePie
100%
254MMar 13, 200619.88KIndiaMusicT-Series
100%
76.9MDec 17, 20122.4KSouth KoreaMusicBANGTANTV
56%
92.2MJun 29, 2016587South KoreaMusicBLACKPINK
56%
59.9MMar 17, 2009407United StatesTrickshotsDude Perfect
56%
168MSep 02, 20061.04KUnited StatesMusicCocomelon
44%
110MDec 06, 2016851Russia/United StatesEntertainmentLike Nastya
33%
165MSep 21, 2006122.6KIndiaEntertainmentSET India
33%
55.4MSep 20, 2006225United StatesMusicTaylor Swift
33%
98.2MMay 11, 200772.67KUnited StatesEntertainmentWWE
33%
80.4MNov 15, 20166.72KRussiaLifestyle5-Minute Crafts
22%
53.1MJan 22, 2007154United StatesMusicAriana Grande
22%
48.9MJul 11, 2016123.29KPakistanEntertainmentARY Digital HD
22%
47.1MOct 14, 201419.86KMexicoLifestyleBadabun
22%
47.2MJun 09, 2014153Puerto RicoMusicBad Bunny
22%
48.8MFeb 07, 201379United StatesMusicBillie Eilish
22%
54.3MOct 26, 2013922United StatesEntertainmentBillionSurpriseToys
22%
68.9MFeb 09, 2013731IndiaEntertainmentChuChu TV
22%
68.8MJun 13, 2008124.04KIndiaEntertainmentColors TV
22%
53.9MAug 08, 2006469EnglandMusicEd Sheeran
22%
46.7MMay 02, 2011544El SalvadorGamingFernanfloo
22%
92.2MJan 21, 20127.22KIndiaEntertainmentGoldmines
22%
48.1MJan 02, 2008113.56KPakistanEntertainmentHAR PAL GEO
22%
73.5MJun 04, 20081.56KSouth KoreaMusicHYBE LABELS
22%
48.9MMay 19, 20132.09KChileEntertainmentJuegaGerman
22%
72.2MJan 15, 2007249CanadaMusicJustin Bieber
22%
116MMay 12, 20151.14KUnited StatesLifestyleKids Diana Show
22%
60.2MApr 28, 200639.86KUnited StatesEntertainmentMovieclips
22%
71.2MDec 14, 20113.07KSouth KoreaEntertainmentPinkfong
22%
58.6MSep 03, 20094.19KIndiaMusicSony Music India
22%
48.3MSep 03, 20093.56KIndiaMusicSonyMusicIndiaVEVO
22%
87.3MAug 04, 200776.1KIndiaEntertainmentSony SAB
22%
48.1MMar 17, 20161.11KUnited StatesLifestyleToys and Colors
22%
105MApr 23, 2018615Russia/United StatesLifestyleVlad and Niki
22%
57.3MJun 08, 20063.88KIndiaMusicYRF
22%
102MMar 12, 20149.55KIndiaMusicZee Music Company
22%
74.7MDec 11, 2005150.2KIndiaEntertainmentZee TV
22%
60.1MAug 27, 2009317.2KIndiaNewsAaj Tak
11%
66.7MMar 22, 20122.69KBrazilMusicCanal KondZilla
11%
61.2MJun 02, 20111.59KArgentinaMusicEl Reino Infantil
11%
58MFeb 09, 2007157United StatesMusicEminemMusic
11%
57.5MJun 06, 2014615IndiaEntertainmentInfobells
11%
55.5MAug 05, 2014758United StatesMusicLooLoo Kids
11%
56.7MApr 06, 2015454United StatesMusicMarshmello
11%
50.2MSep 01, 200711.4KIndiaEntertainmentShemaroo
11%
66.9MJun 11, 20108.61KIndiaEntertainmentShemaroo Filmi Gaane
11%
62.4MMay 22, 20075.18KIndiaMusicTips Official
11%
64.6MFeb 13, 201126.83KIndiaMusicT-Series Bhakti Sagar
11%
59.7MOct 29, 201419.77KIndiaMusicWave Music
11%

Score Distribution

Percentile by Number Answered

Percent of People with Each Score

Your Score History

You have not taken this quiz